Balení řídí speciální informační systémy

Význam efektívnosti balenia. Vplyv faktorov na správny obal. Softvérové riešenia pre komplexný systém balenia. Návrh obalu začína pri tovare. Obaly pre Priemysel 4.0. Plne automatizované balenie.

Salvato in:
Dettagli Bibliografici
Autore principale: Toman, Pavel
Natura: Capitolo di libro
Lingua:ceco
Soggetti:
Tags: Aggiungi Tag
Nessun Tag, puoi essere il primo ad aggiungerne!!

MARC

LEADER 00000naa a2200000 4500
001 0241930
005 20180411145057.8
041 0 |a cze 
044 |a CZ 
245 1 0 |a Balení řídí speciální informační systémy  |c Pavel Toman 
520 |a Význam efektívnosti balenia. Vplyv faktorov na správny obal. Softvérové riešenia pre komplexný systém balenia. Návrh obalu začína pri tovare. Obaly pre Priemysel 4.0. Plne automatizované balenie. 
610 2 0 |a obaly 
610 2 0 |a balenie 
610 2 0 |a technológie informačné 
610 2 0 |a technológie komunikačné 
610 2 0 |a systémy informačné 
610 2 0 |a automatizácia 
610 2 0 |a optimalizácia 
610 2 0 |a efektívnosť 
100 1 |a Toman, Pavel